000 01019nas a2200313 4500
001 BR2012003620
003 BR-BrBNA
005 20231205120602.0
007 ta
008 230509b bl.|||p| |||| 00| 00por d
040 _aBR-BrBNA
_bpor
_cBiblioteca Nacional de Agricultura
041 _a(Pt)
072 _aF61; F01
100 1 _aOliveira, A.R.M.F.
100 1 _aJezler, C.N.
100 1 _aOliveira, R.A.
100 1 _aMielke, M.S.
100 1 _aCosta, L.C.B.
245 1 _aDeterminação do tempo de hidrodestilação e do horário de colheita no óleo essencial de menta
246 1 _aDetermination of hydrodistillation time and harvest moment on the essential oil of peppermint
650 _aMENTA
650 _aCOLHEITA
650 _aPLANTA MEDICINAL
650 _aÓLEO ESSENCIAL
650 _aRENDIMENTO
773 0 _tHorticultura Brasileira (Brazil)
_xISSN 0102-0536
_g(Jan-Mar 2012), v. 30(1) p. 155-159
_wBR2012003620
909 _a202311
_bLúcia
_c55
_dLúcia Elande
942 _2AGRIS
_n0
_cANA
999 _c219267
_d219267